00528nam a22001817a 450000500170000001000150001702000260003203500130005803700130007108200120008410000180009624500700011426000330018427000460021730000230026350000400028670000200032620140808164833.0 aENG-110349 a9789350623220c225.00 aEN-93881 bDBAD/PUB a658.404 aAhuja, Vanita aIndian project management /cby Vanita Ahuja [and] Sangeeta Sinha aNew DelhibExcel Booksc2013 aA-45, Naraina, Phase IbNew Delhie110028 ax,142p.c24cm(pbk) aIncludes bibliographical references aSinha, Sangeeta